Guess the 1970s song lyrics #300 - Statistics

General Stats
  • This quiz has been taken 26 times
  • The average score is 150 of 270
Answer Stats
Answer % Correct
a
100%
I
100%
you
100%
You
100%
the
94%
no
89%
No
89%
on
89%
to
89%
and
83%
go
83%
so
83%
When
83%
in
78%
we
78%
been
72%
Been
72%
my
72%
of
72%
want
72%
all
67%
at
67%
know
67%
out
67%
that
67%
It's
61%
I've
61%
Oh
61%
some
61%
walkin
61%
We're
61%
your
61%
baby
56%
I'm
56%
just
56%
long
56%
miss
56%
one
56%
With
56%
with
56%
yeah
56%
after
50%
dark
50%
gonna
50%
like
50%
mine
50%
Ooh
50%
ooh
50%
think
50%
Well
50%
why
50%
Why
50%
Ah
44%
ah
44%
alone
44%
boy
44%
come
44%
girls
44%
kiss
44%
People
44%
people
44%
phone
44%
singing
44%
sleep
44%
street
44%
thats
44%
what's
44%
What's
44%
You've
44%
around
39%
bring
39%
crazy
39%
dying
39%
Hey
39%
let's
39%
matter
39%
mind
39%
myself
39%
Park
39%
Puerto
39%
Rican
39%
say
39%
sleeping
39%
sometime
39%
time
39%
Asking
33%
case
33%
Central
33%
else
33%
fool
33%
friends
33%
meet
33%
used
33%
waitin
33%
wine
33%
Won't
33%
won't
33%
call
28%
dreams
28%
feet
28%
hanging
28%
holding
28%
lying
28%
man
28%
rings
28%
Sometimes
28%
waiting
28%
child
22%
everybody
22%
hall
22%
mess
22%
shuffling
22%
through
22%
Fooling
17%
waits
17%
blotting
11%
guess
11%
haunted
11%
Lord
11%
starring
11%
Stumbling
11%
twelve
11%
goinga
6%
No matching quizzes found
Score Distribution
Percent of People with Each Score
Percentile by Number Answered
Your Score History
You have not taken this quiz